Statistics for Countries that have reached the Rugby (union) World Cup quarter finals. 45 seconds

Click here to take the quiz!

General Stats

  • This quiz has been taken 153 times
    (23 since last reset)
  • The average score is 12 of 13

Answer Stats

Answer % Correct
Samoa
100%
Wales
100%
England
100%
Ireland
100%
Australia
100%
Scotland
95%
France
95%
New Zealand
95%
South Africa
95%
Fiji
90%
Argentina
85%
Japan
75%
Canada
60%

Score Distribution

Percentile by Number Answered

Percent of People with Each Score

Your Score History

You have not taken this quiz since the last reset